Delay Glass 18201046-L (Record no. 1635)

MARC details
000 -LEADER
campo de control de longitud fija 01160nam a2200157 4500
008 - DATOS DE LONGITUD FIJA--INFORMACIÓN GENERAL
campo de control de longitud fija 708 P892d
020 ## - NÚMERO INTERNACIONAL ESTÁNDAR DEL LIBRO
Número Internacional Estándar del Libro 9788445727010
082 ## - NÚMERO DE LA CLASIFICACIÓN DECIMAL DEWEY
Número de clasificación 708
Número de ítem P892d
100 ## - ENTRADA PRINCIPAL--NOMBRE DE PERSONA
Nombre de persona Poyo, Txuspo
9 (RLIN) 5744
245 ## - MENCIÓN DEL TÍTULO
Título Delay Glass 18201046-L
260 ## - PUBLICACIÓN, DISTRIBUCIÓN, ETC.
Lugar de publicación, distribución, etc. País Vasco
Nombre del editor, distribuidor, etc. Servicios Central de Publicaciones del Gobierno Vasco
Fecha de publicación, distribución, etc. 2008
300 ## - DESCRIPCIÓN FÍSICA
Extensión 163 p.
Otras características físicas ill (col)
Dimensiones 21 x 15 cm
505 ## - NOTA DE CONTENIDO CON FORMATO
Título Retardo en vídeo
-- Atzerapena Bideoan
-- Delay in vídeo
-- Delay Glass 1
-- Delay Glass 2
-- Texto Javier San Martín
-- "Vacaciones en el pasado"
-- Union d`intellectuels
-- Étant donnés...
-- La novia desde abajo
-- Fracasos y mates
-- "Pour copie conforme"
-- La Mariée animada
-- Anémico
-- ITZULPENAK
-- "Oporrak iraganean"
-- Union d´intellectuels
-- Étant donnés...
-- Andregaia behetik
-- Porrotak eta mateak
-- "Pour copie conforme"
-- La Mariée biziduna
-- Anémikoa
-- TRANSLATIONS
-- "Holidays into de past"
-- Union d´intellectuels
-- Étant donnés...
-- The bride fom below
-- Failures and checkmates
-- "Pour copie conforme"
-- La Mariée in animated version
-- Anémic
-- ASOCIACIONES LIBRES
-- CRÉDITOS
650 ## - PUNTO DE ACCESO ADICIONAL DE MATERIA--TÉRMINO DE MATERIA
Subdivisión general arte contemporáneo
-- arte - exhibiciones
-- España
-- videoarte
9 (RLIN) 6723
700 ## - ENTRADA AGREGADA--NOMBRE PERSONAL
Nombre de persona San Martín, Francisco Javier
9 (RLIN) 6724
Holdings
Estatus retirado Estado de pérdida Fuente del sistema de clasificación o colocación Estado de daño No para préstamo Biblioteca de origen Biblioteca actual Ubicación en estantería Fecha de adquisición Total de préstamos Signatura topográfica completa Código de barras Visto por última vez Precio de reemplazo Tipo de ítem Koha
    Clasificación Decimal Dewey     Biblioteca LadoV Biblioteca LadoV   13/10/2018   708 P892d 000971 13/10/2018 13/10/2018 Material 01